プロ野球 2025年 100イニング以上投げた投手 - Statistics

General Stats
  • This quiz has been taken 60 times
  • The average score is 32 of 47
Answer Stats
Answer % Correct
村上 頌樹
94%
東 克樹
92%
森 翔平
92%
髙橋 宏斗
90%
森下 暢仁
90%
髙橋 光成
90%
才木 浩人
88%
床田 寛樹
87%
大瀬良 大地
87%
大野 雄大
87%
伊藤 大海
87%
ケイ
83%
今井 達也
83%
宮城 大弥
83%
山﨑 伊織
81%
ジャクソン
81%
有原 航平
81%
山﨑 福也
81%
戸郷 翔征
77%
モイネロ
77%
小島 和哉
77%
上沢 直之
75%
種市 篤暉
73%
吉村 貢司郎
69%
大関 友久
69%
井上 温大
63%
北山 亘基
63%
加藤 貴之
63%
達 孝太
62%
松葉 貴大
60%
バウアー
60%
九里 亜蓮
58%
隅田 知一郎
58%
エスピノーザ
50%
岸 孝之
48%
古謝 樹
48%
赤星 優志
46%
渡邉 勇太朗
46%
藤井 聖
46%
伊原 陵人
44%
マラー
44%
奥川 恭伸
44%
石川 柊太
42%
曽谷 龍平
40%
田嶋 大樹
40%
ランバート
33%
ボス
31%
No matching quizzes found
Score Distribution
Percent of People with Each Score
Percentile by Number Answered
Your Score History
You have not taken this quiz